Regresní analýza a neuronové sítě

Bibliographic Details
Main Authors: Biskup, Roman (Author), Čermáková, Anna (Author)
Format: Article
Language:Czech

MARC

LEADER 00000nab a2200000 a 4500
001 vtls011126376
003 SK-MaSNL
005 20260303133309.0
008 230218|2005 xo |||||||||||||||||cze|
015 |a SNBRB 
035 |a (uuid)e0849815-1d81-413c-86ad-4e714f7dd179 
035 |a (urnnbn)urn:nbn:sk:snk:ar-a09el1 
035 |a urn:nbn:sk:snk-aba3ou 
040 |a SNKBUCL  |b slo  |c SNKBUCL  |e AACR2 
041 0 |a cze 
044 |a xo  |c SK 
100 1 |a Biskup, Roman  |4 aut  |9 1151879 
245 1 0 |a Regresní analýza a neuronové sítě  |c Roman Biskup, Anna Čermáková 
700 1 |a Čermáková, Anna  |4 aut  |9 282944 
773 0 |t Forum statisticum Slovacum  |g Roč. 1, č. 3 (2005), s. 106-111 
954 |a odborná, vedecká literatúra cudzojazyčná (svetová)  |2 lita 
958 |a OND 
958 |a EUIPO 
958 |a article13 
999 |c 1955950  |d 1957880